Science Quiz

Random Science or Elements Quiz

Ionizable Elements Quiz Stats

 Plays Quiz not verified by Sporcle

Score 0/10 Timer 02:00
0 Plays Today
Ionization Energy (eV) Element % Correct
5.14Sodium
87.1%
5.39Lithium
87.1%
4.07Francium
83.9%
3.89Cesium
80.6%
4.34Potassium
74.2%
4.18Rubidium
67.7%
5.21Barium
64.5%
5.28Radium
61.3%
5.17Actinium
29%
5.43Lutetium
16.1%

You're not logged in!

Compare scores with friends on all Sporcle quizzes.
OR
Log In

Show Comments

Extras

Top Quizzes Today


Score Distribution

Your Account Isn't Verified!

In order to create a playlist on Sporcle, you need to verify the email address you used during registration. Go to your Sporcle Settings to finish the process.

Report this User

Report this user for behavior that violates our Community Guidelines.

Details: